Sanger sequencing. (Record no. 75467)

MARC details
000 -LEADER
fixed length control field 00432nam a22000977a 4500
100 ## - MAIN ENTRY--AUTHOR NAME
Personal name Thomas, K.U.
245 ## - TITLE STATEMENT
Title Sanger sequencing.
260 ## - PUBLICATION, DISTRIBUTION, ETC. (IMPRINT)
Name of publisher In: Recent Advances in Molecular Biology and Biotechnology: DBT Skill Vigyan State Partnership Programme Faculty Training 2024. (Comp. C. Bindu Roy). 6-19 March 2024, Rubber Research Institute of India, Kottayam, India, pp. 163-164. Lab Manual
700 ## - ADDED ENTRY--PERSONAL NAME
Personal name Ravindran, M.
942 ## - ADDED ENTRY ELEMENTS (KOHA)
Koha item type Articles
Holdings
Withdrawn status Lost status Damaged status Not for loan Home library Current library Date acquired Koha item type
        RRII Library RRII Library 20/03/2025 Articles